The tourist image : myths and myth making in tourism
Αποθηκεύτηκε σε:
| Άλλοι συγγραφείς: | |
|---|---|
| Μορφή: | Βιβλίο |
| Γλώσσα: | English |
| Δημοσίευση: |
Chichester :
John Wiley & Sons,
c1996.
|
| Θέματα: | |
| Ετικέτες: |
Προσθήκη ετικέτας
Δεν υπάρχουν, Καταχωρήστε ετικέτα πρώτοι!
|
MARC
| LEADER | 00000cam a2200000 i 4500 | ||
|---|---|---|---|
| 001 | 1/100982 | ||
| 008 | 000207s1996 eng d | ||
| 020 | |a 0-471-96309-7 | ||
| 035 | |l 10057495 | ||
| 040 | |a GR-MY-UA |b gre |e aacr | ||
| 041 | 0 | |a eng | |
| 082 | 0 | |a 338.4791 | |
| 245 | 1 | 4 | |a The tourist image : |b myths and myth making in tourism / |c edited by Tom Selwyn. |
| 260 | |a Chichester : |b John Wiley & Sons, |c c1996. | ||
| 300 | |a ix, 270 σ. | ||
| 504 | |a Περιλαμβάνει βιβλιογραφικές παραπομπές. | ||
| 650 | 0 | 0 | |a Tourism. |
| 700 | 1 | |a Selwyn, Tom, |e edt | |
| 852 | |a INST |b CHIOS |e 20000207 |h 338.4791 TOU |p 005200019062 |q 005200019062 |t BK |y 0 | ||
| 901 | |a BIBL2-2000-1 | ||
| 909 | |a Χ |b 056052 | ||
| 922 | |a 2ΕΛΗ |b 199912 |c ΤΔΕ |d ΠΑΠΑΣΩΤΗΡΙΟΥ | ||
| 950 | |a 112-1999-11-10 | ||
| 970 | |a ΣΠΕΝΤΖΑ |b ΕΛΕΝΗ |z 2000/02/07 | ||